Amour et haine : Qu'en disent les enfants et les adolescents ? (notice n° 2180048)
[ vue normale ]
| 000 -LEADER | |
|---|---|
| fixed length control field | 01464cam a2200181 4500500 |
| 005 - DATE AND TIME OF LATEST TRANSACTION | |
| control field | 20260405051732.0 |
| 041 ## - LANGUAGE CODE | |
| Language code of text/sound track or separate title | fre |
| 042 ## - AUTHENTICATION CODE | |
| Authentication code | dc |
| 100 10 - MAIN ENTRY--PERSONAL NAME | |
| Personal name | Bergès-Bounes, Marika |
| Relator term | author |
| 245 00 - TITLE STATEMENT | |
| Title | Amour et haine : Qu'en disent les enfants et les adolescents ? |
| 260 ## - PUBLICATION, DISTRIBUTION, ETC. | |
| Name of publisher, distributor, etc. | érès,<br/> |
| Date of publication, distribution, etc. | 2025.<br/> |
| 520 ## - SUMMARY, ETC. | |
| Summary, etc. | L’amour et la haine ne sont pas des notions psychanalytiques mais s’expriment pourtant largement dans la famille, le social, la terre entière. Les jeunes ne cessent de parler d’amour et de haine : ce qui témoigne du travail d’identification à l’œuvre et de ce qu’ils supposent être le fondement possible de leur identité. Leurs propos font écho aux passions d’amour et de haine du monde adulte, passions auxquelles ils se confrontent, dans lesquelles ils sont plongés et où ils ont du mal à frayer leur chemin pour se faire reconnaitre dans leur singularité. Freud parle d’« ambivalence amour-haine », alors que Jacques Lacan a créé le néologisme « hainamoration » qui traduit bien l’intrication continue de ces deux mouvements passionnels. Ce terme rend bien compte de ce qui se dit au quotidien ainsi que dans le cabinet du psychanalyste. |
| 700 10 - ADDED ENTRY--PERSONAL NAME | |
| Personal name | Forget, Jean-Marie |
| Relator term | author |
| 700 10 - ADDED ENTRY--PERSONAL NAME | |
| Personal name | Calmettes, Sandrine |
| Relator term | author |
| 700 10 - ADDED ENTRY--PERSONAL NAME | |
| Personal name | Ferron, Catherine |
| Relator term | author |
| 700 10 - ADDED ENTRY--PERSONAL NAME | |
| Personal name | Rey, Christian |
| Relator term | author |
| 856 41 - ELECTRONIC LOCATION AND ACCESS | |
| Uniform Resource Identifier | <a href="https://shs.cairn.info/amour-et-haine--9782749284439?lang=fr&redirect-ssocas=7080">https://shs.cairn.info/amour-et-haine--9782749284439?lang=fr&redirect-ssocas=7080</a> |
Pas d'exemplaire disponible.




Réseaux sociaux